Halifax house price index (Record no. 112458)

MARC details
000 -LEADER
fixed length control field 01162cad a22002055a 4500
001 - CONTROL NUMBER
control field L153304
008 - FIXED-LENGTH DATA ELEMENTS--GENERAL INFORMATION
fixed length control field 110707s20110706xxk f 000 0 eng d
035 ## - SYSTEM CONTROL NUMBER
System control number (Sirsi) u153304
041 0# - LANGUAGE CODE
Language code of text/sound track or separate title eng
050 04 - LIBRARY OF CONGRESS CALL NUMBER
Classification number 333.33 $2 18
110 2# - MAIN ENTRY--CORPORATE NAME
Corporate name or jurisdiction name as entry element Lloyds Banking Group
9 (RLIN) 5822
245 00 - TITLE STATEMENT
Title Halifax house price index
Remainder of title June 2011
260 ## - PUBLICATION, DISTRIBUTION, ETC.
Place of publication, distribution, etc. London
Name of publisher, distributor, etc. Lloydsbankinggroup
Date of publication, distribution, etc. 2011
520 ## - SUMMARY, ETC.
Summary, etc. United Kingdom house prices increased by 1.2% in May 2011 but prices in the three months to June were 0.5% lower than in the previous three months. Low interest rates, an increase in the number of people in employment and some tightening in market conditions earlier in the year are likely to have been the main factors behind the recent improvement in price trends. Low earnings growth, higher taxes and relatively high inflation are all continuing to put pressure on household finances."
590 ## - LOCAL NOTE (RLIN)
Local note KA
651 #4 - SUBJECT ADDED ENTRY--GEOGRAPHIC NAME
Geographic name United Kingdom
Chronological subdivision
690 ## - LOCAL SUBJECT ADDED ENTRY--TOPICAL TERM (OCLC, RLIN)
Topical term or geographic name as entry element PROPERTY-RESIDENTIAL PROPERTY-RESIDENTIAL PROPERTY MARKET
856 40 - ELECTRONIC LOCATION AND ACCESS
Uniform Resource Identifier <a href="https://www.lloydsbankinggroup.com/media/pdfs/2011/HousePriceIndexJune2011.pdf">https://www.lloydsbankinggroup.com/media/pdfs/2011/HousePriceIndexJune2011.pdf</a>
Public note View this item free of charge at www.lloydsbankinggroup.com
942 ## - ADDED ENTRY ELEMENTS (KOHA)
Suppress in OPAC 0
Holdings
Withdrawn status Lost status Source of classification or shelving scheme Damaged status Not for loan Home library Current library Shelving location Date acquired Total Checkouts Full call number Barcode Date last seen Copy number Price effective from Koha item type
    Dewey Decimal Classification     Virtual Virtual Online 07/07/2011   ONLINE PUBLICATION 153304-2001 06/08/2019 1 06/08/2019 Book